[Event "SR 4. liga A21 2013/2014"]
[Site "?"]
[Date "2014.03.09"]
[Round "10.1"]
[White "Podjavorinsky, Peter"]
[Black "Ulehla, Jakub"]
[Result "0-1"]
[WhiteElo "1707"]
[BlackElo "1111"]
[PlyCount "96"]
[EventDate "2013.??.??"]

1. e4 e5 2. Nf3 Nc6 3. Bc4 Nf6 4. Ng5 d5 5. exd5 Na5 6. Bb5+ c6 7. dxc6 bxc6 8.
Be2 h6 9. Nf3 e4 10. Ne5 Qd4 11. Ng4 Nxg4 12. Bxg4 e3 13. f3 exd2+ 14. Qxd2 Qb6
15. Qe3+ Qxe3+ 16. Bxe3 Nc4 17. Bd4 Bxg4 18. fxg4 c5 19. Bf2 Nxb2 20. O-O Bd6
21. Re1+ Kd7 22. Nc3 Nc4 23. Rab1 Rab8 24. Ne4 Rxb1 25. Rxb1 Kc6 26. Nxd6 Nxd6
27. Bg3 Ne4 28. Rb8 Rxb8 29. Bxb8 a6 30. h4 Kb5 31. Be5 f6 32. Bb2 Kb4 33. g5
hxg5 34. hxg5 Nxg5 35. Kf2 Ne4+ 36. Ke3 Nc3 37. a3+ Kc4 38. Kd2 Nb5 39. g4 Nd4
40. Ba1 f5 41. Bxd4 Kxd4 42. gxf5 Ke5 43. Kd3 Kxf5 44. Kc4 g5 45. Kxc5 g4 46.
Kb6 g3 47. Kxa6 g2 48. c4 g1=Q 0-1

[Event "SR 4. liga A21 2013/2014"]
[Site "?"]
[Date "2014.03.09"]
[Round "10.2"]
[White "Hirmajer, Jan"]
[Black "Jarabek, Milan"]
[Result "1-0"]
[WhiteElo "1957"]
[BlackElo "1744"]
[PlyCount "89"]
[EventDate "2013.??.??"]

1. c4 Nf6 2. Nc3 c5 3. Nf3 e6 4. g3 b6 5. Bg2 Bb7 6. O-O Be7 7. d3 O-O 8. Bf4
d5 9. Nb5 Nc6 10. Ne5 Nxe5 11. Bxe5 a6 12. Na3 Bd6 13. Bc3 Rb8 14. d4 Ne4 15.
Rc1 Nxc3 16. Rxc3 cxd4 17. Qxd4 Bc5 18. Qd1 dxc4 19. Nxc4 Bxg2 20. Kxg2 Qxd1
21. Rxd1 Rfd8 22. Rcd3 Be7 23. Ne5 Rxd3 24. Rxd3 Rd8 25. Nc6 Rxd3 26. Nxe7+ Kf8
27. Ng6+ hxg6 28. exd3 Ke7 29. Kf3 Kd6 30. Ke4 f6 31. f4 Kc6 32. Kd4 Kd6 33. b4
Kc6 34. Kc4 b5+ 35. Kd4 Kd6 36. g4 e5+ 37. fxe5+ fxe5+ 38. Ke4 Ke6 39. d4 exd4
40. Kxd4 Kd6 41. g5 a5 42. bxa5 Kc6 43. a3 Kb7 44. Kc5 Ka6 45. Kb4 1-0

[Event "SR 4. liga A21 2013/2014"]
[Site "?"]
[Date "2014.03.09"]
[Round "10.2"]
[White "Harastova, Viera"]
[Black "Bjel, Lubos"]
[Result "1/2-1/2"]
[WhiteElo "1877"]
[BlackElo "1754"]
[PlyCount "42"]
[EventDate "2013.??.??"]

1. d4 e6 2. c4 d5 3. Nc3 Bb4 4. a3 Bxc3+ 5. bxc3 dxc4 6. Qa4+ Bd7 7. Qxc4 Nf6
8. Nf3 a6 9. g3 O-O 10. Qb3 Bc6 11. Bg2 Nbd7 12. O-O b5 13. Bf4 Nb6 14. Rfe1
Bd5 15. Qc2 c6 16. Nd2 Bxg2 17. Kxg2 Nfd5 18. e4 Nxf4+ 19. gxf4 Qh4 20. Re3
Qxf4 21. Rg1 Qd6 1/2-1/2

[Event "SR 4. liga A21 2013/2014"]
[Site "?"]
[Date "2014.03.09"]
[Round "10.2"]
[White "Lajda, Dusan"]
[Black "Zlamal, Marek"]
[Result "0-1"]
[WhiteElo "1863"]
[BlackElo "1638"]
[PlyCount "68"]
[EventDate "2013.??.??"]

1. e4 c5 2. Nf3 Nc6 3. d4 cxd4 4. Nxd4 g6 5. Nc3 Bg7 6. Be3 Nf6 7. Be2 d6 8.
Qd2 O-O 9. O-O-O Qa5 10. Nb3 Qc7 11. Bh6 a6 12. h4 Bxh6 13. Qxh6 Ng4 14. Bxg4
Bxg4 15. f3 Be6 16. h5 g5 17. Qxg5+ Kh8 18. g4 b5 19. Nd5 Bxd5 20. Qxd5 f6 21.
Qd2 Rac8 22. Rh2 Ne5 23. Qe2 Rg8 24. Kb1 a5 25. Nd4 b4 26. Rg2 a4 27. f4 Nc4
28. Rd3 e5 29. Nf5 exf4 30. Qf2 Ne5 31. Rxd6 Nxg4 32. Qxf4 a3 33. Rgd2 Ne5 34.
Rd1 Qxc2+ 0-1

[Event "SR 4. liga A21 2013/2014"]
[Site "?"]
[Date "2014.03.09"]
[Round "10.2"]
[White "Antalek, Rudolf"]
[Black "Bjel, Jan"]
[Result "1-0"]
[WhiteElo "1533"]
[BlackElo "1859"]
[PlyCount "73"]
[EventDate "2013.??.??"]

1. e4 c5 2. Nf3 Nc6 3. d4 cxd4 4. Nxd4 d6 5. Bb5 Bd7 6. O-O g6 7. Be3 Bg7 8.
Nc3 Nf6 9. Qd2 O-O 10. Kh1 a6 11. Be2 Rc8 12. f4 Ng4 13. Bg1 Nf6 14. Rf3 Bg4
15. Rg3 Nxd4 16. Bxd4 Bxe2 17. Bxf6 Bxf6 18. Nxe2 Rc4 19. Qd3 Qc8 20. c3 Qe6
21. Re3 Rfc8 22. Rf1 Qg4 23. f5 Be5 24. fxg6 hxg6 25. Qd5 Bf6 26. Qxb7 Bg5 27.
h3 Qe6 28. Nf4 Qf6 29. Ref3 Qe5 30. Qxa6 Qxe4 31. Qa7 Ra8 32. Qd7 Rxa2 33. Qe8+
Kg7 34. Nh5+ gxh5 35. Rxf7+ Kg6 36. Qg8+ Kh6 37. Qg7# 1-0

[Event "SR 4. liga A21 2013/2014"]
[Site "?"]
[Date "2014.03.09"]
[Round "10.2"]
[White "Bjel, Tomas"]
[Black "Harasta, Marian"]
[Result "1-0"]
[WhiteElo "1674"]
[BlackElo "1619"]
[PlyCount "119"]
[EventDate "2013.??.??"]

1. e4 d6 2. d4 e5 3. d5 Nf6 4. Nc3 Bg4 5. Be2 Bxe2 6. Ngxe2 Be7 7. O-O O-O 8.
f4 c6 9. Ng3 cxd5 10. Nxd5 Nxd5 11. Qxd5 Nc6 12. b3 Qb6+ 13. Kh1 Qd4 14. Ba3
exf4 15. Nf5 Qf6 16. Nxe7+ Nxe7 17. Qxd6 Qxd6 18. Bxd6 Rfe8 19. Rxf4 Ng6 20.
Rg4 h5 21. Rg5 Rxe4 22. Rxh5 Rae8 23. Bg3 Nf4 24. Rh4 Ne2 25. Rxe4 Nxg3+ 26.
hxg3 Rxe4 27. Rd1 Re2 28. Rd8+ Kh7 29. Rc8 Kg6 30. a4 Kf6 31. Rc7 Re7 32. Rxe7
Kxe7 33. Kg1 Kd6 34. Kf2 Ke5 35. Ke3 Kf5 36. Kf3 Ke5 37. c3 f5 38. g4 f4 39. g5
Kf5 40. g6 a5 41. b4 b6 42. b5 Ke5 43. g3 fxg3 44. Kxg3 Kf5 45. c4 Ke5 46. Kg4
Kd4 47. Kf5 Kxc4 48. Ke6 Kb4 49. Kf7 Kxa4 50. Kxg7 Kxb5 51. Kf6 Kb4 52. g7 b5
53. g8=Q Ka3 54. Qg5 Ka4 55. Ke5 Kb4 56. Kd4 a4 57. Qc5+ Ka5 58. Kc3 Ka6 59.
Kb4 a3 60. Qxb5+ 1-0

[Event "SR 4. liga A21 2013/2014"]
[Site "?"]
[Date "2014.03.09"]
[Round "10.3"]
[White "Gono, Michal"]
[Black "Kovarik, Oto"]
[Result "1/2-1/2"]
[WhiteElo "1941"]
[BlackElo "1925"]
[PlyCount "73"]
[EventDate "2013.??.??"]

1. d4 d5 2. Bf4 e6 3. e3 c5 4. c3 Nf6 5. Bd3 Nc6 6. Nf3 Bd6 7. Bg5 h6 8. Bh4 e5
9. Bb5 cxd4 10. exd4 e4 11. Ne5 Bd7 12. Nxd7 Qxd7 13. O-O a6 14. Ba4 b5 15. Bc2
Nh7 16. Re1 f5 17. Qh5+ Qf7 18. Qxf7+ Kxf7 19. Bb3 Ke6 20. f3 Na5 21. fxe4 Nxb3
22. exf5+ Kxf5 23. axb3 g5 24. Bf2 Nf6 25. Nd2 h5 26. Re2 h4 27. Rf1 Kg6 28.
Re6 Bf4 29. Nf3 Kf7 30. Rc6 Ne4 31. Bxh4 Be3+ 32. Kh1 gxh4 33. Ne5+ Ke8 34. Ng6
Kd7 35. Ne5+ Kd8 36. Nf7+ Kd7 37. Ne5+ 1/2-1/2

[Event "SR 4. liga A21 2013/2014"]
[Site "?"]
[Date "2014.03.09"]
[Round "10.3"]
[White "Cerovsky, Marian"]
[Black "Curidlo, Jan"]
[Result "1/2-1/2"]
[WhiteElo "1832"]
[BlackElo "1852"]
[PlyCount "186"]
[EventDate "2013.??.??"]

1. e4 c5 2. Nc3 e6 3. Nf3 g6 4. a3 Bg7 5. Bc4 Nc6 6. d3 Nge7 7. Bg5 a6 8. Ba2
O-O 9. Qc1 b5 10. O-O Bb7 11. Bh6 b4 12. Bxg7 Kxg7 13. Ne2 d5 14. Ng3 Ng8 15.
Qf4 Nf6 16. Rfe1 Rc8 17. h3 a5 18. c3 d4 19. cxb4 axb4 20. a4 Ba6 21. Red1 Qe7
22. Qc1 Nd7 23. Ne1 Na5 24. b3 f5 25. Nf3 h6 26. Rb1 Bb7 27. Re1 Qd6 28. Rb2 f4
29. Nf1 Ne5 30. Nxe5 Qxe5 31. f3 Ba6 32. Rd2 Qd6 33. Qd1 e5 34. Rb2 Qe6 35. Qe2
Rc7 36. Nd2 Bc8 37. Rc1 Qe7 38. Qf2 Be6 39. Kf1 g5 40. Ke2 Qf7 41. Kf1 h5 42.
Ke2 Kg6 43. Rh1 Rh8 44. Rbb1 Rcc8 45. Qe1 Bd7 46. Rc1 Bxa4 47. Nc4 Nxc4 48.
bxa4 Qa7 49. Bxc4 Qxa4 50. Ra1 Qc2+ 51. Qd2 Qxd2+ 52. Kxd2 Ra8 53. Kc2 g4 54.
Kb2 Rxa1 55. Rxa1 Kg5 56. Be6 gxh3 57. Bxh3 Rh7 58. Kb3 Kh4 59. Kc4 Kg3 60.
Kxc5 Rc7+ 61. Kxb4 Rc3 62. Ra5 Rxd3 63. Rxe5 Re3 64. Rxh5 Kf2 65. Ra5 d3 66.
Kc4 d2 67. Ra2 Ke2 68. Kd5 Rd3+ 69. Ke5 Ke3 70. Rxd2 Rxd2 71. Kf5 Rb2 72. e5
Kd4 73. Kxf4 Rb5 74. e6 Re5 75. Bf5 Kd5 76. g4 Kd6 77. Kg5 Ke7 78. Kg6 Re3 79.
f4 Rf3 80. Kg5 Rf2 81. Bd3 Kxe6 82. f5+ Kf7 83. Kh4 Rd2 84. Bc4+ Kf6 85. Bf1
Rf2 86. Bh3 Rf4 87. Kh5 Rf3 88. g5+ Kg7 89. Kg4 Rf2 90. Kg3 Rb2 91. Kf4 Rf2+
92. Kg4 Rb2 93. Bf1 Rf2 1/2-1/2

[Event "SR 4. liga A21 2013/2014"]
[Site "?"]
[Date "2014.03.09"]
[Round "10.3"]
[White "Bardik, Jozef"]
[Black "Damborsky, Pavol"]
[Result "1-0"]
[WhiteElo "1878"]
[BlackElo "1836"]
[PlyCount "93"]
[EventDate "2013.??.??"]

1. d4 d5 2. c4 c6 3. Nf3 dxc4 4. e4 b5 5. a4 e6 6. b3 Bb4+ 7. Bd2 Bxd2+ 8. Qxd2
cxb3 9. axb5 cxb5 10. Bxb5+ Bd7 11. Qb4 Ne7 12. Qxb3 O-O 13. O-O Bxb5 14. Qxb5
Nd7 15. Nbd2 Nb6 16. Ra6 Qc7 17. Rfa1 Nec8 18. Qh5 f6 19. e5 Qf7 20. Qh4 g5 21.
Qe4 Nd5 22. exf6 Ncb6 23. Nxg5 Nxf6 24. Qxe6 Qxe6 25. Nxe6 Rfc8 26. h3 Rc2 27.
Nf3 Nc8 28. Ne5 Rb8 29. R6a2 Rbb2 30. Rxb2 Rxb2 31. Ra3 Ne4 32. Re3 Ncd6 33.
Rf3 Rxf2 34. Rxf2 Nxf2 35. Kxf2 a5 36. Nc5 Kg7 37. g4 Kf6 38. Ke3 Kg5 39. Nf3+
Kf6 40. Ne4+ Nxe4 41. Kxe4 h6 42. Kd5 a4 43. Kc4 a3 44. Kb3 a2 45. Kxa2 Ke6 46.
Kb3 Kd5 47. Kc3 1-0

[Event "SR 4. liga A21 2013/2014"]
[Site "?"]
[Date "2014.03.09"]
[Round "10.3"]
[White "Dubecky, Ladislav"]
[Black "Sedlak, Rastislav"]
[Result "0-1"]
[WhiteElo "1675"]
[BlackElo "1761"]
[PlyCount "90"]
[EventDate "2013.??.??"]

1. e4 e5 2. f4 Bc5 3. Nf3 d6 4. Bc4 Nc6 5. Kf1 Nf6 6. Nc3 Bg4 7. h3 Bxf3 8.
Qxf3 Nd4 9. Qd1 exf4 10. d3 Ne6 11. Nd5 g5 12. a3 c6 13. Nc3 b5 14. Ba2 Qe7 15.
b4 Bd4 16. Bb2 O-O-O 17. Qf3 Be5 18. Nd1 h5 19. c4 a6 20. cxb5 axb5 21. Rc1 Kb7
22. Bxe6 Bxb2 23. Nxb2 fxe6 24. h4 Ng4 25. Kg1 e5 26. hxg5 Qxg5 27. Nd1 Rdg8
28. Qe2 f3 29. Qc2 Rc8 30. Rh3 f2+ 31. Nxf2 Ne3 32. Rxe3 Qxe3 33. Rf1 h4 34.
Kh1 Rhf8 35. Kg1 Rf7 36. Rc1 Rxf2 37. Qxf2 Qxc1+ 38. Kh2 Qf4+ 39. Qxf4 exf4 40.
Kh3 Rf8 41. Kg4 Rg8+ 42. Kxf4 Rxg2 43. d4 h3 44. e5 dxe5+ 45. dxe5 h2 0-1

[Event "SR 4. liga A21 2013/2014"]
[Site "?"]
[Date "2014.03.09"]
[Round "10.3"]
[White "Oravec, Pavol"]
[Black "Sprusansky, Ferdinand"]
[Result "1/2-1/2"]
[WhiteElo "1576"]
[BlackElo "1439"]
[PlyCount "56"]
[EventDate "2013.??.??"]

1. d4 d5 2. Nf3 Nc6 3. Bf4 e6 4. e3 a6 5. Nbd2 Nf6 6. c3 h6 7. Bd3 Bd6 8. Bg3
Qe7 9. O-O Bxg3 10. hxg3 e5 11. dxe5 Nxe5 12. Nxe5 Qxe5 13. Nf3 Qd6 14. Qc2 Be6
15. e4 dxe4 16. Bxe4 O-O-O 17. Bf5 Rhe8 18. Rad1 Bxf5 19. Qxf5+ Qe6 20. Rxd8+
Rxd8 21. Qxe6+ fxe6 22. Re1 Rd6 23. Kf1 Kd7 24. Ne5+ Ke7 25. Nc4 Rd5 26. Re5 b5
27. Rxd5 exd5 28. Ne3 Ke6 1/2-1/2

[Event "SR 4. liga A21 2013/2014"]
[Site "?"]
[Date "2014.03.09"]
[Round "10.4"]
[White "Nemeckay, Rastislav"]
[Black "Lanik, Miroslav"]
[Result "1/2-1/2"]
[WhiteElo "1986"]
[BlackElo "1925"]
[PlyCount "29"]
[EventDate "2013.??.??"]

1. Nf3 Nf6 2. b3 d5 3. Bb2 e6 4. e3 Nbd7 5. c4 c6 6. d3 Bd6 7. Nbd2 O-O 8. g3
b6 9. Bg2 Bb7 10. O-O Re8 11. d4 e5 12. dxe5 Nxe5 13. Qc2 Rc8 14. Rfd1 Qe7 15.
Rac1 1/2-1/2

[Event "SR 4. liga A21 2013/2014"]
[Site "?"]
[Date "2014.03.09"]
[Round "10.4"]
[White "Palka, Martin"]
[Black "Celustkova, Lubica"]
[Result "1/2-1/2"]
[WhiteElo "1881"]
[BlackElo "1618"]
[PlyCount "40"]
[EventDate "2013.??.??"]

1. c4 Nf6 2. Nc3 g6 3. Nf3 Bg7 4. g3 d6 5. Bg2 O-O 6. d3 e5 7. Bd2 Nc6 8. Qc1
Be6 9. Bh6 Nh5 10. Bxg7 Nxg7 11. Ng5 Bc8 12. Nd5 Nd4 13. h4 c6 14. Nc3 f6 15.
Nf3 Qb6 16. e3 Nxf3+ 17. Bxf3 h5 18. Qd2 Qc7 19. Qe2 f5 20. O-O-O Be6 1/2-1/2

[Event "SR 4. liga A21 2013/2014"]
[Site "?"]
[Date "2014.03.09"]
[Round "10.4"]
[White "Klimes, Karel"]
[Black "Kubik, Peter"]
[Result "1/2-1/2"]
[WhiteElo "1651"]
[BlackElo "1771"]
[PlyCount "49"]
[EventDate "2013.??.??"]

1. e4 d5 2. exd5 Qxd5 3. Nc3 Qa5 4. Nf3 Nf6 5. h3 Bf5 6. Bc4 e6 7. d3 c6 8. a3
Nbd7 9. Be3 Bd6 10. Nh4 Bg6 11. Nxg6 hxg6 12. Qd2 O-O-O 13. Ne4 Qxd2+ 14. Nxd2
Kb8 15. O-O-O Nd5 16. Rhf1 b5 17. Bb3 a5 18. Bxd5 cxd5 19. Nb3 Rc8 20. Nxa5 b4
21. axb4 Bxb4 22. Nb3 Rc6 23. Nd4 Ra6 24. c3 Rc8 25. Kb1 1/2-1/2

[Event "SR 4. liga A21 2013/2014"]
[Site "?"]
[Date "2014.03.09"]
[Round "10.4"]
[White "Huska, Branislav"]
[Black "Kanka, Tomas"]
[Result "1/2-1/2"]
[WhiteElo "1575"]
[BlackElo "1688"]
[PlyCount "36"]
[EventDate "2013.??.??"]

1. e4 Nc6 2. Nf3 e5 3. Bb5 a6 4. Ba4 Nf6 5. d3 d6 6. c3 Be7 7. h3 O-O 8. O-O h6
9. Re1 b5 10. Bc2 Nh7 11. a4 b4 12. d4 a5 13. Nbd2 Ba6 14. Nb3 Bc4 15. Bd3 Bxb3
16. Qxb3 Ng5 17. Nxg5 Bxg5 18. Bxg5 Qxg5 1/2-1/2

[Event "SR 4. liga A21 2013/2014"]
[Site "?"]
[Date "2014.03.09"]
[Round "10.4"]
[White "Wallner, Juraj"]
[Black "Bendzela, Tibor"]
[Result "1/2-1/2"]
[WhiteElo "1512"]
[BlackElo "1480"]
[PlyCount "61"]
[EventDate "2013.??.??"]

1. e4 d5 2. exd5 Qxd5 3. Nc3 Qd8 4. d4 Nf6 5. Nf3 e6 6. Be2 c6 7. Be3 Bd6 8.
Qd2 Qc7 9. g3 h6 10. Qd3 b6 11. Ne4 Nxe4 12. Qxe4 f5 13. Qh4 Qf7 14. Qh3 Ba6
15. Qf1 Bb7 16. Qh3 Nd7 17. O-O O-O-O 18. c4 g5 19. Nd2 g4 20. Qg2 h5 21. f3
Qe7 22. h4 gxh3 23. Qxh3 h4 24. g4 Rdg8 25. Nb3 Rh7 26. Rf2 Rhg7 27. Kf1 Bg3
28. Rg2 fxg4 29. fxg4 e5 30. Rxg3 hxg3 31. Qxg3 1/2-1/2

[Event "SR 4. liga A21 2013/2014"]
[Site "?"]
[Date "2014.03.09"]
[Round "10.5"]
[White "Hudacek, Josef"]
[Black "Blatnicky, Miroslav"]
[Result "1-0"]
[WhiteElo "2040"]
[BlackElo "2089"]
[PlyCount "91"]
[EventDate "2013.??.??"]

1. e4 c6 2. d4 d5 3. Nd2 dxe4 4. Nxe4 Nf6 5. Ng3 e5 6. Be3 exd4 7. Qxd4 Qxd4 8.
Bxd4 Bb4+ 9. c3 Be7 10. Bxf6 Bxf6 11. Nh5 Nd7 12. Nxf6+ Nxf6 13. O-O-O Be6 14.
Re1 O-O-O 15. b3 Rhe8 16. c4 Bf5 17. Rxe8 Rxe8 18. Ne2 Ng4 19. f3 Nf2 20. Rg1
Rd8 21. Nc3 Nd3+ 22. Bxd3 Rxd3 23. Nd1 a5 24. Re1 Kd7 25. Re5 Bg6 26. Rxa5 h5
27. Re5 h4 28. Re3 Rd4 29. Nc3 h3 30. g3 Bd3 31. Na4 Kd6 32. Nb2 Bf5 33. Nd1 b5
34. cxb5 cxb5 35. Nf2 Be6 36. Ne4+ Kd5 37. Ng5 g6 38. Nxe6 fxe6 39. Kc2 e5 40.
a3 g5 41. Rd3 e4 42. fxe4+ Kxe4 43. Rxd4+ Kxd4 44. Kd2 g4 45. a4 b4 46. Kc2 1-0

[Event "SR 4. liga A21 2013/2014"]
[Site "?"]
[Date "2014.03.09"]
[Round "10.5"]
[White "Orvisky, Vladimir"]
[Black "Kubis, Ivan"]
[Result "0-1"]
[WhiteElo "1817"]
[BlackElo "1992"]
[PlyCount "80"]
[EventDate "2013.??.??"]

1. c4 e5 2. Nc3 Nf6 3. Nf3 Nc6 4. g3 Bb4 5. Bg2 O-O 6. O-O Re8 7. a3 Bxc3 8.
dxc3 h6 9. b4 d6 10. Qb3 Be6 11. a4 Qd7 12. Rd1 a6 13. Bb2 e4 14. Nd2 Ne5 15.
b5 Rab8 16. Qb4 c5 17. Qb3 e3 18. fxe3 Nfg4 19. e4 Ne3 20. Rdc1 N5xc4 21. Nxc4
Bxc4 22. Qa3 Nxg2 23. Kxg2 Qg4 24. Re1 Qxe4+ 25. Kf1 Re6 26. Bc1 Qh1+ 27. Kf2
Qxh2+ 28. Kf3 Bd5+ 29. e4 Rxe4 30. Rxe4 Re8 31. Bxh6 Bxe4+ 32. Kg4 Qxh6 33. Rf1
f5+ 34. Rxf5 Qe6 35. Kh4 Bxf5 36. g4 Qh6+ 37. Kg3 Re3+ 38. Kf2 Qf4+ 39. Kg2
Be4+ 40. Kg1 Rg3+ 0-1

[Event "SR 4. liga A21 2013/2014"]
[Site "?"]
[Date "2014.03.09"]
[Round "10.5"]
[White "Vogl, Zdenek"]
[Black "Krchnak, Rudolf"]
[Result "1-0"]
[WhiteElo "1899"]
[BlackElo "1821"]
[PlyCount "75"]
[EventDate "2013.??.??"]

1. e4 c5 2. Nf3 d6 3. d4 cxd4 4. Nxd4 Nf6 5. Nc3 a6 6. Bc4 e6 7. Bb3 Be7 8. O-O
O-O 9. f4 Nc6 10. Be3 Na5 11. Kh1 Nxb3 12. cxb3 b5 13. e5 dxe5 14. fxe5 Nd5 15.
Nxd5 Qxd5 16. Nf5 Re8 17. Nxe7+ Rxe7 18. Qg4 Bb7 19. Rad1 Qe4 20. Qg3 Rc8 21.
Rf4 Rec7 22. Rxe4 Bxe4 23. Bh6 Bg6 24. Bg5 Rc2 25. h4 h5 26. Rd2 Rc1+ 27. Kh2
Kh7 28. Rd8 Rxd8 29. Bxc1 Rd4 30. Qf2 Rg4 31. Bf4 Bb1 32. a3 Be4 33. Bg3 Bd5
34. Qa7 Kg6 35. Qxa6 Bxb3 36. Qxb5 Bd5 37. Qd3+ f5 38. b4 1-0

[Event "SR 4. liga A21 2013/2014"]
[Site "?"]
[Date "2014.03.09"]
[Round "10.5"]
[White "Kosiarcik, Maximilian"]
[Black "Kubik, Peter"]
[Result "0-1"]
[WhiteElo "1239"]
[BlackElo "1824"]
[PlyCount "108"]
[EventDate "2013.??.??"]

1. e4 e5 2. Nf3 Nc6 3. Bb5 Nf6 4. O-O Nxe4 5. d4 Nd6 6. Bxc6 dxc6 7. dxe5 Nf5
8. Qxd8+ Kxd8 9. Bg5+ Ke8 10. Nc3 h6 11. Bf4 Be6 12. h3 Rd8 13. g4 Ne7 14. Rad1
Nd5 15. Bd2 Nb4 16. Rc1 Bc5 17. Ne4 Be7 18. a3 Nd5 19. Nd4 Bc8 20. Rcd1 h5 21.
f3 Nb6 22. Nb3 Nc4 23. Bc3 Rxd1 24. Rxd1 hxg4 25. hxg4 Rh4 26. Re1 Be6 27. Nd4
Nxe5 28. Ng5 Bxg5 29. Rxe5 Bf6 30. Re1 Kd7 31. Nxe6 fxe6 32. Rd1+ Ke7 33. Be1
Rh8 34. Bb4+ Ke8 35. b3 Be7 36. Bc3 Bf6 37. Bb4 b6 38. Kg2 c5 39. Be1 Be5 40.
Bg3 Bxg3 41. Kxg3 g5 42. Re1 Ke7 43. Re5 Kf6 44. f4 gxf4+ 45. Kxf4 Rh2 46. g5+
Ke7 47. Kg4 Rxc2 48. Kh5 a5 49. Kg6 Rc3 50. Kg7 Rxb3 51. g6 Rxa3 52. Kg8 Kf6
53. Rg5 Kxg5 54. g7 Kf6 0-1

[Event "SR 4. liga A21 2013/2014"]
[Site "?"]
[Date "2014.03.09"]
[Round "10.5"]
[White "Vach, Jozef"]
[Black "Varga, Adam"]
[Result "1-0"]
[WhiteElo "1799"]
[BlackElo "1216"]
[PlyCount "45"]
[EventDate "2013.??.??"]

1. e4 e5 2. f4 exf4 3. Nf3 Nc6 4. d4 g5 5. Bc4 h6 6. c3 d6 7. O-O Bg4 8. Qb3
Na5 9. Qa4+ c6 10. Bd3 b5 11. Qc2 Qd7 12. Nbd2 O-O-O 13. a4 bxa4 14. Qxa4 Nb7
15. Qxa7 Kc7 16. Ba6 Rb8 17. Nc4 Be6 18. Nb6 Qd8 19. d5 Bd7 20. Ra3 Ne7 21. Rb3
c5 22. Na8+ Kc8 23. Bxb7+ 1-0

[Event "SR 4. liga A21 2013/2014"]
[Site "?"]
[Date "2014.03.09"]
[Round "10.6"]
[White "Slaby, Jozef"]
[Black "Skapikova, Lubica"]
[Result "1-0"]
[WhiteElo "1874"]
[BlackElo "1893"]
[PlyCount "191"]
[EventDate "2013.??.??"]

1. c4 e5 2. Nc3 Nf6 3. d3 Bb4 4. Bd2 d6 5. g3 c6 6. Bg2 O-O 7. Nf3 Re8 8. O-O
Nbd7 9. Qc2 Nf8 10. a3 Ba5 11. b4 Bc7 12. Rad1 Rb8 13. Bc1 d5 14. cxd5 Nxd5 15.
Ne4 Ne6 16. Bb2 f6 17. d4 f5 18. Nc5 e4 19. Ne5 Nxd4 20. Bxd4 Bxe5 21. Qb3 Qf6
22. e3 b6 23. Na4 Bxd4 24. Rxd4 Kh8 25. Rfd1 Bb7 26. Bf1 Qh6 27. b5 Nf6 28. Rd6
Rbc8 29. Qf7 Ba8 30. Qxa7 Qg5 31. Nxb6 Rb8 32. bxc6 Bxc6 33. Rxc6 Ng4 34. Nc4
Qh5 35. h3 Nxf2 36. Rc1 Qf3 37. Qc7 Rbc8 38. Qf4 Qxf4 39. gxf4 Nxh3+ 40. Bxh3
Rxc6 41. Bxf5 Rc5 42. Bh3 Ra8 43. Rc3 Ra4 44. Bf1 g5 45. fxg5 Rxg5+ 46. Kf2 Rc5
47. Ke1 Kg7 48. Kd2 Ra6 49. Rb3 h5 50. Kc3 Rf5 51. Bg2 Rh6 52. Bxe4 Rf2 53.
Rb7+ Kf8 54. a4 h4 55. a5 h3 56. Rb1 Re6 57. Bb7 Rg6 58. a6 Ra2 59. Kb3 Raxa6
60. Bxa6 Rxa6 61. Rh1 Rh6 62. Kc3 Rh4 63. Kd3 Ke7 64. Nd2 Ke6 65. Ke2 Kf5 66.
Kf3 Rh8 67. Kg3 Rd8 68. Rf1+ Kg6 69. Rf2 Rh8 70. Rh2 Rd8 71. Kxh3 Rd3 72. Re2
Kf5 73. Kg3 Rc3 74. Kf3 Rd3 75. Rh2 Rd8 76. Rh5+ Kg6 77. Rh2 Kf5 78. e4+ Kg5
79. Rg2+ Kf6 80. Kf4 Rd4 81. Nf3 Ra4 82. Rb2 Rc4 83. Rb6+ Ke7 84. Kf5 Rc3 85.
Ng5 Rc8 86. e5 Rf8+ 87. Kg6 Rf2 88. Rb7+ Ke8 89. Ne4 Rf1 90. Nd6+ Kd8 91. Nf5
Kc8 92. Rf7 Kd8 93. e6 Rg1+ 94. Kf6 Kc8 95. Rf8+ Kc7 96. e7 1-0

[Event "SR 4. liga A21 2013/2014"]
[Site "?"]
[Date "2014.03.09"]
[Round "10.6"]
[White "Sadlon, Juraj"]
[Black "Vagovic, Milan"]
[Result "1-0"]
[WhiteElo "1801"]
[BlackElo "1702"]
[PlyCount "53"]
[EventDate "2013.??.??"]

1. e4 c5 2. Nf3 e6 3. c3 Nc6 4. Bb5 Qc7 5. O-O a6 6. Ba4 Nf6 7. Re1 e5 8. Bxc6
bxc6 9. d4 cxd4 10. cxd4 d6 11. Nc3 Be7 12. h3 O-O 13. Bg5 Re8 14. Rc1 Bb7 15.
Bxf6 Bxf6 16. Nd5 Qd8 17. Nxf6+ Qxf6 18. dxe5 dxe5 19. Rc5 Rad8 20. Qb3 Rd7 21.
Rd1 Rxd1+ 22. Qxd1 Rd8 23. Qb3 Qf4 24. Rxe5 c5 25. Rf5 Qxe4 26. Qxf7+ Kh8 27.
Qf8+ 1-0

[Event "SR 4. liga A21 2013/2014"]
[Site "?"]
[Date "2014.03.09"]
[Round "10.6"]
[White "Pripko, Bystrik"]
[Black "Pericka, Pavol"]
[Result "1/2-1/2"]
[WhiteElo "1721"]
[BlackElo "1793"]
[PlyCount "85"]
[EventDate "2013.??.??"]

1. e4 e5 2. Nf3 Nc6 3. Bc4 Bc5 4. Nc3 d6 5. h3 Nf6 6. a3 O-O 7. d3 h6 8. O-O
Ne7 9. Na4 Bb6 10. Nxb6 axb6 11. Nh2 c6 12. f4 b5 13. fxe5 dxe5 14. Bb3 b4 15.
Bxh6 Qd4+ 16. Kh1 Nxe4 17. dxe4 Qxd1 18. Raxd1 gxh6 19. axb4 Rb8 20. Nf3 Ng6
21. Kh2 Kg7 22. Bc4 f6 23. b5 cxb5 24. Bxb5 Be6 25. b3 Rfd8 26. Rxd8 Rxd8 27.
g3 Ne7 28. Be2 Nc6 29. c3 Bxb3 30. Rb1 Na5 31. Rb2 Rc8 32. c4 Bxc4 33. Bxc4
Rxc4 34. Rb5 Rc2+ 35. Kg1 Ra2 36. Nh4 h5 37. Nf5+ Kf7 38. Nd6+ Kg6 39. h4 Ra4
40. Kf2 Nc4 41. Nxc4 Rxc4 42. Ke3 Rc3+ 43. Kf2 1/2-1/2

[Event "SR 4. liga A21 2013/2014"]
[Site "?"]
[Date "2014.03.09"]
[Round "10.6"]
[White "Sadlon, Matus"]
[Black "Piestansky, Jan"]
[Result "1/2-1/2"]
[WhiteElo "1582"]
[BlackElo "1658"]
[PlyCount "71"]
[EventDate "2013.??.??"]

1. e4 e5 2. Nf3 d6 3. d4 exd4 4. Nxd4 h6 5. Nc3 Nf6 6. Be2 Be7 7. O-O O-O 8. f4
Bd7 9. Be3 Nc6 10. Bf3 Nxd4 11. Bxd4 c5 12. Be3 Qc7 13. Qd2 Rfe8 14. Rad1 Rad8
15. h3 Bc6 16. Nd5 Nxd5 17. exd5 Bb5 18. Rfe1 Bh4 19. Bf2 Bxf2+ 20. Kxf2 b6 21.
b3 Re7 22. c4 Ba6 23. Rxe7 Qxe7 24. Re1 Qf6 25. a4 Bc8 26. Qe3 Kf8 27. Bg4 g5
28. g3 gxf4 29. Qxf4 Qxf4+ 30. gxf4 Bxg4 31. hxg4 Re8 32. Rxe8+ Kxe8 33. Kg3
Kf8 34. Kh4 Kg7 35. Kh5 f6 36. f5 1/2-1/2

[Event "SR 4. liga A21 2013/2014"]
[Site "?"]
[Date "2014.03.09"]
[Round "10.6"]
[White "Slaba, Andrea"]
[Black "Brath, Zdeno"]
[Result "0-1"]
[WhiteElo "1294"]
[BlackElo "1500"]
[PlyCount "118"]
[EventDate "2013.??.??"]

1. c4 e5 2. Nc3 Bc5 3. g3 Nf6 4. Bg2 d6 5. e3 O-O 6. Nf3 Bg4 7. Qc2 c6 8. O-O
Qd7 9. d4 exd4 10. exd4 Bb6 11. Be3 d5 12. Ne5 Qe6 13. c5 Bc7 14. f4 Bf5 15.
Qf2 h6 16. b4 b6 17. Nf3 Ng4 18. Qd2 Qxe3+ 19. Qxe3 Nxe3 20. Rf2 Nc2 21. Rb1
Nxd4 22. Nxd4 Bxb1 23. Nxb1 Re8 24. Re2 Rxe2 25. Nxe2 bxc5 26. bxc5 Na6 27. Nd4
Rb8 28. Nc3 Ba5 29. Nxc6 Bxc3 30. Nxb8 Nxb8 31. Bxd5 Bd4+ 32. Kg2 Bxc5 33. Kf3
Kf8 34. h4 Nd7 35. Bb3 Bb4 36. Ke2 Nc5 37. Bd5 Na4 38. Bb3 Nc3+ 39. Kd3 Nb1 40.
g4 Be1 41. h5 Bg3 42. f5 Bd6 43. Kc2 Na3+ 44. Kd2 Nb5 45. Ke3 Ke7 46. Bc4 a6
47. a4 Nc7 48. Kd4 Bb4 49. Ke4 a5 50. Kd4 Ne8 51. Be2 Kf6 52. Ke4 Kg5 53. Kf3
Bd6 54. Kg2 Kh4 55. Bc4 f6 56. Be2 Be5 57. Bd1 Nd6 58. Kf3 Ne4 59. Ke3 Nc3 0-1